| 000 | 00731nam a2200205 i 4500 | ||
|---|---|---|---|
| 001 | 113988 | ||
| 003 | ES-MaACL | ||
| 005 | 20250809040019.0 | ||
| 007 | t| | ||
| 008 | 061121s1982 sp a |||| | spa d | ||
| 245 | 0 | 0 |
_aNormas políticas y administrativas de la transición (1975-1978) / _cMariano Baena del Alcázar, José María García Madaria. |
| 260 |
_aMadrid : _bPresidencia del Gobierno, _c1982. |
||
| 300 |
_a1111 p. : _bil. ; _c25 cm. |
||
| 650 | 0 | 4 |
_aDerecho político- _zEspaña _911758 |
| 700 | 1 |
_aBaena del Alcázar, Mariano. _924589 |
|
| 700 | 1 |
_aGarcía Madaria, José María. _954874 |
|
| 710 | 1 |
_aEspaña. _bPresidencia del Gobierno. _93951 |
|
| 852 |
_aES-MaACL _jL-3290 |
||
| 999 |
_c113988 _d113988 |
||